| 000 | 00663nam a2200229 i 4500 | ||
|---|---|---|---|
| 001 | bg | ||
| 245 | 0 | 0 |
_aAkademicki podręcznik języka niemieckiego / _cJan Czochralski [et al.]. |
| 250 | _a[Wyd. 6]. | ||
| 260 |
_aWarszawa : _bWydaw. Naukowe PWN, _c1998. |
||
| 300 |
_a390, [2] s. : _bfaks., 2 mapy, rys. ; _c24 cm. |
||
| 504 | _aBibliogr. s. 365. | ||
| 650 | 9 | _aJęzyk niemiecki | |
| 655 | _aPodręczniki akademickie | ||
| 700 | 1 |
_aCZOCHRALSKI, Jan Antoni _d(1924- ). |
|
| 020 | _a8301111119 | ||
| 040 | _cBPK | ||
| 041 | 0 | _adepl | |
| 080 | _a811.112.2(075.8) | ||
| 920 | _a83-01-11111-9 | ||
| 942 | _cKS | ||
| 008 | s pl f |000 0 pol | ||
| 999 |
_c33765 _d33765 |
||
| 856 |
_uhttp://koha.tu.koszalin.pl/cgi-bin/koha/opac-detail.pl?biblionumber=33765 _yKatalog online BPK |
||